000 00836nam a2200181Ia 4500
008 090124s9999 xx 000 0 und d
082 _b105893
100 _aगडकरी राम गणेश (गोविंदाग्रज)
245 _a समाजांत नटाची जागा आणि आितर दोन निबंध
250 _a1
260 _c1956
300 _a86
600 _aगडकरी राम गणेश (गोविंदाग्रज)
630 _a समाजांत नटाची जागा आणि आितर दोन निबंध
700 _aगडकरी राम गणेश (गोविंदाग्रज)
730 _a समाजांत नटाची जागा आणि आितर दोन निबंध
942 _cBOOK
999 _c151984
_d151984